000 00681cad a22002055a 4500
001 L158626
008 150515e2015 xxk 000 0 eng d
035 _a(Sirsi) u158626
041 0 _aeng
100 1 _aPetrou, Andreas
245 0 0 _aDevelopment Dangers
260 _c2015
490 _aEstates Gazette
_v(1516) 25 April 2015, 80-81(2)
520 _aIllustrates some of the pitfalls that can delay or derail building projects. Includes information about crane oversail rights, rights of way, problematic covenants, and rights of light.
590 _aKA
651 4 _aUnited Kingdom
690 _aConstruction management
_96230
700 1 _aHarris, Kathryn
942 _n0
999 _c84637
_d84637